| 000 | 00597cam a2200145 4500500 | ||
|---|---|---|---|
| 005 | 20260208002339.0 | ||
| 041 | _afre | ||
| 042 | _adc | ||
| 100 | 1 | 0 |
_aLaurière, Christine _eauthor |
| 245 | 0 | 0 | _aNina Gorgus Le Magicien des vitrines: le muséologue Georges Henri Rivière. Préf. d’Isac Chiva & Michel Colardelle Paris, Éd. de la MSH, 2003, xiii + 416 p., bibl., index, ill. |
| 260 | _c2005. | ||
| 500 | _a70 | ||
| 786 | 0 | _nL'Homme | 174 | 2 | 2005-06-01 | p. 277d-329d | 0439-4216 | |
| 856 | 4 | 1 | _uhttps://shs.cairn.info/revue-l-homme-2005-2-page-277d?lang=fr&redirect-ssocas=7080 |
| 999 |
_c1645950 _d1645950 |
||